Diagnóstico de nuestro tiempo
Uloženo v:
| Hlavní autor: | |
|---|---|
| Médium: | Kniha |
| Jazyk: | španělština |
| Vydáno: |
Ciudad de México
Fondo de Cultura Económica
1944
|
| Vydání: | 1a. ed |
| Edice: | Colección Popular, 9
|
| Témata: | |
| Tagy: |
Přidat tag
Žádné tagy, Buďte první, kdo vytvoří štítek k tomuto záznamu!
|
MARC
| LEADER | 00000cam a2200000 a 4500 | ||
|---|---|---|---|
| 001 | UCH5477 | ||
| 003 | CL-VaPUC | ||
| 008 | 091014e19440000MX |||||||||||||||||spa|d | ||
| 082 | 0 | 4 | |a 301 |b MAN |2 21 |
| 100 | |a Mannheim, Karl |e autor |9 256899 | ||
| 245 | 1 | 0 | |a Diagnóstico de nuestro tiempo |
| 250 | |a 1a. ed | ||
| 300 | |a 179 p | ||
| 942 | |c BK | ||
| 945 | |d 20091014 00:00:00 |a ccalabra | ||
| 260 | |a Ciudad de México |b Fondo de Cultura Económica |c 1944 | ||
| 650 | 0 | |a Sociología |9 255410 | |
| 650 | 0 | |a Cambio social |9 256857 | |
| 650 | 0 | |a Desarrollo social |9 264534 | |
| 650 | 0 | |a Ciencias sociales |9 256351 | |
| 583 | |a last modification |c 20131002 09:27:17 |k Rodrigo Vera | ||
| 490 | 0 | |a Colección Popular, 9 | |
| 999 | |c 336610 |d 336608 | ||
| 952 | |0 0 |1 0 |3 erb |4 0 |6 301_000000000000000_MAN_1944 |7 0 |8 A |9 428378 |a BIBGIM |b BIBGIM |d 2019-11-22 |i 5008549 |o 301 MAN 1944 |p 5008549 |r 2025-01-15 |w 2019-11-22 |y BK |z Catalogado en:20131004 |k SSL | ||